000 00826nam a22002417a 4500
003 UA-OsUOA
001 61658
007 ta
008 20090708b un ||||| |||| 00| 0 ukr d
090 _a101
_bВ74
942 _cMG
040 _aUA-OsUOA
_brus
_cUA-OsUOA
_dUA-OsUOA
245 _aВопросы гуманитарных наук
_bИздание зарегистрировано Министерством Российской Федерации по делам печати, телерадиовещания и средств массовой коммуникации
_cГлав. ред. Моденов А.В.
300 _a250 с.
955 _a1
041 _arus
080 _a101
022 _a1684-2618
260 _aМ.
044 _aRU
962 _a2002
650 7 _a1 Філософські науки
_2UDC
999 _c347340
_d347340